Factopia! 400 điều sửng sốt nơi xứ sự thật

Nội dung sách trình bày 400 sự thật khác nhau để khám phá và kinh ngạc, bao gồm đủ mọi chủ đề tự nhiên đến rô-bốt, cơ thể con người cho đến không gian. Mỗi sự thật được trình bày theo một đoạn trích trên trang, có hình minh họa sinh động....

Πλήρης περιγραφή

Αποθηκεύτηκε σε:
Λεπτομέρειες βιβλιογραφικής εγγραφής
Κύριος συγγραφέας: Hale, Kate (Viết lời)
Άλλοι συγγραφείς: Smith, Andy (Minh họa), Hồng Trà (Dịch)
Μορφή: Βιβλίο
Γλώσσα:Vietnamese
Έκδοση: H. Thế giới 2023
Θέματα:
Ετικέτες: Προσθήκη ετικέτας
Δεν υπάρχουν, Καταχωρήστε ετικέτα πρώτοι!
Thư viện lưu trữ: Thư viện Trường Đại học Nam Cần Thơ
LEADER 01251nam a22002177a 4500
001 NCT_4_010419
008 240618b xxu||||| |||| 00| 0 vie d
999 |c 8467  |d 8467 
020 |a 9786043929942  |c 169000 
082 0 4 |2 23rd ed.  |a 031.02  |b H161 
100 1 |a Hale, Kate  |e Viết lời 
245 1 0 |a Factopia! 400 điều sửng sốt nơi xứ sự thật  |c Kate Hale (viết lời); Andy Smith (minh họa); Hồng Trà (dịch) 
260 |a H.  |b Thế giới  |c 2023 
300 |a 208 tr.  |b ảnh màu  |c 23cm 
520 3 |a Nội dung sách trình bày 400 sự thật khác nhau để khám phá và kinh ngạc, bao gồm đủ mọi chủ đề tự nhiên đến rô-bốt, cơ thể con người cho đến không gian. Mỗi sự thật được trình bày theo một đoạn trích trên trang, có hình minh họa sinh động. 
653 |a Tham khảo 
700 1 |a Smith, Andy  |e Minh họa 
700 0 |a Hồng Trà  |e Dịch 
942 |2 ddc  |c BK 
952 |0 0  |1 0  |2 ddc  |4 0  |6 031_020000000000000_H161  |7 0  |9 29151  |a 000001  |b 000001  |d 2024-06-18  |o 031.02 H161  |p TK.04368  |r 2024-06-18  |v 169000.00  |w 2024-06-18  |y BK 
980 |a Thư viện Trường Đại học Nam Cần Thơ